| 000 | 00470nam a2200181Ia 4500 | ||
|---|---|---|---|
| 001 | 2349 | ||
| 005 | 20260306144800.0 | ||
| 008 | 260306t2015||||xx |||||||||||||| ||spa|| | ||
| 041 | _aESP | ||
| 082 |
_a616.89 _bA53B |
||
| 100 |
_aAmerican Psychiatric Association _eAUT |
||
| 245 | 0 | _aGuía de bolsillo del DSM-5 para el examen diagnóstico | |
| 260 | _c2015 | ||
| 300 |
_aviii, 268 páginas : _c21 cm. |
||
| 650 | _aGEN | ||
| 654 | _aCPS | ||
| 942 |
_cLIB _dJUS _fJUS _2ddc _n |
||
| 999 |
_c2349 _d2349 |
||